000 00385nam a22001577a 4500
005 20250411064538.0
008 250411b |||||||| |||| 00| 0 eng d
020 _a9789551470425
082 _222
_a891
_bLET
100 _aBuck, Pearl
245 _aLetter From Peking
260 _aNugegoda
_bPlatform For Alternate Culture
_c2015
300 _a204 p.,
650 _aNovel
942 _cL
999 _c6022
_d6022